000 00550nas a22001817a 4500
001 K121229
007 ta
008 200319b2020 ||||| |||| 00| 0 eng d
041 _aeng
100 _aSchofield, Rebecca
245 _aDiverse teams are better for business, clients and talent attraction
260 _c2020
490 _aRICS Modus
_vMarch 2020, 8(1)
520 _aReports measures taken by Knight Frank to increase diversity in their company.
650 _aDIVERSITY
651 _aUnited Kingdom
690 _96226
_aBusiness and management
999 _c121229
_d121229